El Salvador: nivel decisivo de enfrentemiento

محفوظ في:
التفاصيل البيبلوغرافية
التنسيق: نص
الموضوعات:
الوسوم: إضافة وسم
لا توجد وسوم, كن أول من يضع وسما على هذه التسجيلة!

MARC

LEADER 00000 a a2200000 04500
001 18004
003
040
245 |a El Salvador:   |b nivel decisivo de enfrentemiento  
650 |a MILITARISMO  
650 |a OEA  
650 |a CRISIS POLITICA  
650 |a CRISIS SOCIAL  
650 |a FUERZAS ARMADAS  
650 |a EL SALVADOR  
773 |g volumen 4, número 46; páginas 533  
999 |c 40006  |d 40006 
773 0 |0 42391  |9 3861  |a Agencia Latinoamericana de Información, ALAI  |d Quito, Ecuador: ALAI  |o 04412  |t ALAI:  |x 08275564 (Servicio mensual de información y documentación)